Normal view MARC view
  • TECHNOLOGY & ENGINEERING / Power Resources / General.

Entry Topical Term

Number of records used in: 2

001 - CONTROL NUMBER

  • control field: 18568

003 - CONTROL NUMBER IDENTIFIER

  • control field: NUST

005 - DATE AND TIME OF LATEST TRANSACTION

  • control field: 20190725094107.0

008 - FIXED-LENGTH DATA ELEMENTS

  • fixed length control field: 190725|| aca||aabn | a|a d

040 ## - CATALOGING SOURCE

  • Original cataloging agency: NUST
  • Transcribing agency: NUST

150 ## - HEADING--TOPICAL TERM

  • Topical term or geographic name entry element: TECHNOLOGY & ENGINEERING / Power Resources / General.

670 ## - SOURCE DATA FOUND

  • Source citation: Work cat.: (NUST)0: Bush, Stephen F. 18566, Smart grid - communication-enabled intelligence for the electric power grid /
© 2023 Central Library, National University of Sciences and Technology. All Rights Reserved.